Listening and speaking skills

"Improve your IELTS Skills" is aimed at students between bands 4.5 and 7.5. The series has three preparation courses, Academic Reading, Academic Writing, and Listening and Speaking. The courses develop language, skills and test techniques to help students achieve a higher IELTS score.

সংরক্ষণ করুন:
গ্রন্থ-পঞ্জীর বিবরন
প্রধান লেখক: Cusack, Barry
বিন্যাস: গ্রন্থ
ভাষা:Undetermined
প্রকাশিত: Oxford Macmillan 2007
বিষয়গুলি:
ট্যাগগুলো: ট্যাগ যুক্ত করুন
কোনো ট্যাগ নেই, প্রথমজন হিসাবে ট্যাগ করুন!
Thư viện lưu trữ: Trung tâm Học liệu Trường Đại học Cần Thơ
LEADER 00975nam a2200217Ia 4500
001 CTU_188009
008 210402s9999 xx 000 0 und d
020 |c 240000 
082 |a 428.24 
082 |b C984 
100 |a Cusack, Barry 
245 0 |a Listening and speaking skills 
245 0 |c Barry Cusack, Sam McCarter 
260 |a Oxford 
260 |b Macmillan 
260 |c 2007 
520 |a "Improve your IELTS Skills" is aimed at students between bands 4.5 and 7.5. The series has three preparation courses, Academic Reading, Academic Writing, and Listening and Speaking. The courses develop language, skills and test techniques to help students achieve a higher IELTS score. 
650 |a English language,Communication,Tiếng Anh 
650 |x Textbooks for foreign speakers,Study and teaching,Sách giáo khoa cho người nói tiếng nước ngoài 
910 |a Thoại Linh,Hải 
980 |a Trung tâm Học liệu Trường Đại học Cần Thơ